[Event "Florianopolis op 11th"]
[Site "Florianopolis"]
[Date "2025.01.24"]
[Round "8"]
[White "Tischler Lema Garcia, Maria Eduarda"]
[Black "Branquinho, Eduardo de Medeiro"]
[Result "0-1"]
[WhiteElo "1677"]
[BlackElo "1902"]
[PlyCount "112"]
[EventDate "2025.01.18"]
[EventType "swiss"]
[EventRounds "10"]
[EventCountry "BRA"]
[SourceTitle "CB05_2025"]
[SourceDate "2025.01.29"]
[SourceVersion "1"]
[SourceVersionDate "2025.01.29"]
[SourceQuality "1"]

1. d4 Nf6 2. c4 e6 3. Nf3 b6 4. g3 Bb7 5. Bg2 c5 6. 0-0 Be7 7. Nc3 0-0 8. d5 exd5 9. cxd5 d6 10. e4 Nbd7 11. Bg5 a6 12. a4 Qc7 13. Rc1 Rab8 14. Qc2 Rfe8 15. Rfe1 Bf8 16. h3 g6 17. Qd3 Bg7 18. Qc2 Nh5 19. Bd2 Ne5 20. Nxe5 Bxe5 21. Bf3 Ng7 22. Bg2 Bc8 23. Bf1 Nh5 24. Bg5 Nf6 25. Qd3 Nd7 26. Kh1 Bg7 27. Qc2 Ne5 28. Qd1 h6 29. Be3 Ra8 30. Qd2 Nf3 31. Qc2 Nxe1 32. Rxe1 Bd7 33. Bf4 Kh7 34. Kh2 Reb8 35. Qb3 g5 36. Bd2 Bd4 37. Kg1 Qc8 38. g4 Qe8 39. Qc2 Kg7 40. Qd3 b5 41. axb5 Bxb5 42. Nxb5 axb5 43. Qb3 b4 44. Bg2 Qe5 45. Bc1 Ra1 46. Kf1 Rba8 47. Qc2 R8a2 48. Bf3 Bxb2 49. Bxb2 Rxe1+ 50. Kxe1 Qxb2 51. Qxb2+ Rxb2 52. Be2 Kf6 53. Kd1 Ke5 54. f3 f6 55. Bf1 Rb1+ 56. Ke2 Rxf1 0-1

[Event "Sao Paulo Sampa op"]
[Site "Sao Paulo"]
[Date "2024.01.29"]
[Round "1"]
[White "Branquinho, Eduardo de Medeiro"]
[Black "Saito, Vinicius Ikezu"]
[Result "1-0"]
[WhiteElo "1815"]
[BlackElo "2147"]
[PlyCount "103"]
[EventDate "2024.01.29"]
[EventType "swiss"]
[EventRounds "9"]
[EventCountry "BRA"]
[SourceTitle "CBM 218 Extra"]
[Source "ChessBase"]
[SourceDate "2024.03.31"]
[SourceVersion "1"]
[SourceVersionDate "2024.03.31"]
[SourceQuality "1"]

1. e4 c5 2. Nf3 Nc6 3. d4 cxd4 4. Nxd4 Nf6 5. Nc3 e5 6. Ndb5 d6 7. Bg5 a6 8. Na3 b5 9. Nd5 Be7 10. Bxf6 Bxf6 11. c3 0-0 12. Nc2 Bg5 13. Be2 Rb8 14. 0-0 g6 15. Qd3 Bb7 16. Rad1 Re8 17. Nce3 Kg7 18. g3 Ne7 19. f4 exf4 20. gxf4 Nxd5 21. Nxd5 Bf6 22. Bf3 a5 23. Rfe1 Bxd5 24. Qxd5 Qb6+ 25. Kg2 Rbd8 26. Be2 b4 27. Bc4 Qa7 28. cxb4 axb4 29. Re2 Rc8 30. b3 Red8 31. Qd3 Rc5 32. Qe3 Qe7 33. Rd3 Ra5 34. Qb6 Rda8 35. Qxb4 Rxa2 36. Rdd2 Rxd2 37. Qxd2 g5 38. Qd5 Rd8 39. fxg5 Bxg5 40. Rf2 f6 41. Ra2 Rd7 42. Ra8 Rd8 43. Rxd8 Qxd8 44. Qf7+ Kh8 45. Kg3 d5 46. Qxd5 Qc7+ 47. Kg2 Kg7 48. Qe6 Qf4 49. Qf7+ Kh6 50. Qf8+ Kh5 51. Be2+ Kh4 52. Qe8 1-0

[Event "Sao Bernardo do Campo IRT-C"]
[Site "Sao Bernardo do Campo"]
[Date "2012.01.29"]
[Round "8"]
[White "Branquinho, Eduardo de Medeiro"]
[Black "Pereira, Erinaldo Jose"]
[Result "1-0"]
[WhiteElo "1816"]
[BlackElo "1745"]
[PlyCount "96"]
[EventDate "2012.01.21"]
[EventType "tourn"]
[EventRounds "9"]
[EventCountry "BRA"]
[SourceTitle "EXT 2013"]
[Source "ChessBase"]
[SourceDate "2012.11.22"]
[SourceVersion "1"]
[SourceVersionDate "2012.11.22"]
[SourceQuality "1"]

1. e4 e5 2. Nf3 Nc6 3. Bb5 a6 4. Ba4 d6 5. c3 Bg4 6. h3 Bh5 7. g4 Bg6 8. d3 b5 9. Bc2 Be7 10. 0-0 h5 11. g5 h4 12. Kh2 Bh5 13. Rg1 d5 14. exd5 Qxd5 15. Nbd2 Bd6 16. Ne4 Be7 17. Bb3 Qd7 18. Qe2 Rd8 19. Bc2 Qf5 20. Bd1 Qd7 21. Bc2 g6 22. Qe3 f5 23. gxf6 Nxf6 24. Nfg5 Nd5 25. Qe1 Rf8 26. Bb3 Qf5 27. Bxd5 Rxd5 28. Qe3 Qf4+ 29. Qxf4 exf4 30. Ne6 Rxd3 31. Nxf8 Kxf8 32. Bxf4 Bd6 33. Bxd6+ cxd6 34. Rae1 Ne5 35. Ng5 Rd2 36. a4 Nf3+ 37. Nxf3 Bxf3 38. Rxg6 Kf7 39. Ree6 Rxf2+ 40. Kg1 Rg2+ 41. Rxg2 Kxe6 42. Rf2 Bc6 43. axb5 Bxb5 44. Rf4 Bd7 45. Rxh4 Kf5 46. Kf2 Kg5 47. Rd4 Bc6 48. Kg3 Kh5 1-0

[Event "Sao Bernardo do Campo IRT-C"]
[Site "Sao Bernardo do Campo"]
[Date "2012.01.27"]
[Round "5"]
[White "Branquinho, Eduardo de Medeiro"]
[Black "Vicentin, Marcos Tadeu"]
[Result "0-1"]
[WhiteElo "1816"]
[BlackElo "1778"]
[PlyCount "92"]
[EventDate "2012.01.21"]
[EventType "tourn"]
[EventRounds "9"]
[EventCountry "BRA"]
[SourceTitle "EXT 2013"]
[Source "ChessBase"]
[SourceDate "2012.11.22"]
[SourceVersion "1"]
[SourceVersionDate "2012.11.22"]
[SourceQuality "1"]

1. e4 c5 2. Nf3 d6 3. d4 cxd4 4. Nxd4 Nf6 5. Nc3 a6 6. Be2 e6 7. Be3 Be7 8. f4 Qc7 9. Bf3 Bd7 10. a4 Nc6 11. Nb3 0-0 12. a5 Nb4 13. Rc1 Rac8 14. 0-0 Bc6 15. Bb6 Qb8 16. Qd4 d5 17. e5 Nd7 18. Kh1 Bb5 19. Nxb5 axb5 20. Rf2 Rc4 21. Qd2 Nxb6 22. axb6 f6 23. c3 Nc6 24. f5 fxe5 25. fxe6 e4 26. Bh5 g6 27. Rxf8+ Qxf8 28. Be2 e3 29. Qxe3 Re4 30. Qf3 Rf4 31. Qe3 Qh6 32. Bf3 Bg5 33. e7 Nxe7 34. Qe6+ Kh8 35. Ra1 Rh4 36. Ra8+ Kg7 37. h3 Bf6 38. Bxd5 Qf4 39. Bf3 Kh6 40. Nd2 Be5 41. Nf1 Nf5 42. Re8 Bd6 43. Qe1 Rxh3+ 44. Kg1 Bc5+ 45. Re3 Rxf3 46. gxf3 Nxe3 0-1

[Event "Sao Bernardo do Campo IRT-C"]
[Site "Sao Bernardo do Campo"]
[Date "2012.01.21"]
[Round "2"]
[White "Diniz, Paulo Nobile"]
[Black "Branquinho, Eduardo de Medeiro"]
[Result "1-0"]
[WhiteElo "1804"]
[BlackElo "1816"]
[PlyCount "63"]
[EventDate "2012.01.21"]
[EventType "tourn"]
[EventRounds "9"]
[EventCountry "BRA"]
[SourceTitle "EXT 2013"]
[Source "ChessBase"]
[SourceDate "2012.11.22"]
[SourceVersion "1"]
[SourceVersionDate "2012.11.22"]
[SourceQuality "1"]

1. d4 d5 2. c4 c6 3. Nf3 Nf6 4. Nc3 e6 5. e3 Nbd7 6. Bd3 Bd6 7. b3 0-0 8. Bb2 Re8 9. 0-0 dxc4 10. bxc4 e5 11. Qc2 b6 12. Ne4 Qc7 13. Nxd6 Qxd6 14. dxe5 Nxe5 15. Nxe5 Rxe5 16. Bxe5 Qxe5 17. h3 Qg5 18. f4 Qc5 19. Qf2 Be6 20. e4 Qxf2+ 21. Kxf2 Nd7 22. f5 Nc5 23. fxe6 Nxd3+ 24. Ke3 Ne5 25. exf7+ Nxf7 26. Rac1 Kf8 27. c5 b5 28. Rf5 Ke7 29. Rcf1 Rf8 30. g4 a5 31. g5 b4 32. h4 1-0

[Event "Sao Bernardo LXSBC 9th"]
[Site "Sao Bernardo do Campo"]
[Date "2011.09.17"]
[Round "3.7"]
[White "Branquinho, Eduardo de Medeiro"]
[Black "Ferreira, Ricardo Criez Nobre"]
[Result "1/2-1/2"]
[WhiteElo "1818"]
[BlackElo "1967"]
[PlyCount "150"]
[EventDate "2011.09.16"]
[EventType "swiss"]
[EventRounds "6"]
[EventCountry "BRA"]
[SourceTitle "EXT 2022"]
[Source "ChessBase"]
[SourceDate "2021.10.06"]
[SourceVersion "1"]
[SourceVersionDate "2021.10.06"]
[SourceQuality "1"]

1. e4 e6 2. d4 d5 3. Nc3 Nf6 4. e5 Nfd7 5. Nce2 c5 6. c3 Nc6 7. f4 cxd4 8. cxd4 Qb6 9. Nf3 Bb4+ 10. Bd2 0-0 11. g4 f6 12. Bg2 fxe5 13. fxe5 Bxd2+ 14. Qxd2 Qb4 15. Qxb4 Nxb4 16. Kd2 Nb6 17. b3 Bd7 18. a4 Nc6 19. Ne1 Na5 20. Rb1 Nc8 21. Nd3 b6 22. Rhc1 Nc6 23. h4 N8e7 24. Ke3 Rac8 25. b4 Ng6 26. h5 Nh4 27. Bh1 a6 28. Ra1 g6 29. hxg6 Nxg6 30. a5 bxa5 31. bxa5 Nd8 32. Rxc8 Bxc8 33. Nc5 Nc6 34. Nc3 Kg7 35. Bf3 Rf4 36. Ne2 Rf7 37. Ng3 Kf8 38. Nh5 Nh4 39. Bh1 Ke7 40. Nf6 Rg7 41. Ra2 h5 42. Rh2 Ng6 43. gxh5 Nh8 44. h6 Rg3+ 45. Bf3 Nxa5 46. Kf2 Rg5 47. Nh5 Nc4 48. Be2 Rf5+ 49. Ke1 a5 50. Bxc4 dxc4 51. Ng7 Rf4 52. Rd2 Rh4 53. Kd1 Rxh6 54. Kc2 Rh7 55. Ngxe6 Bxe6 56. d5 Bxd5 57. Rxd5 Rh5 58. Rd7+ Ke8 59. Ra7 Ng6 60. Ra6 Nf4 61. Rxa5 Nd5 62. Na4 Rh2+ 63. Kc1 Nb4 64. Nc5 c3 65. Ra8+ Ke7 66. Ra7+ Kd8 67. Ra8+ Kc7 68. Na6+ Nxa6 69. Rxa6 Kd7 70. Ra3 Rh3 71. Kc2 Rh2+ 72. Kxc3 Rh3+ 73. Kb4 Rxa3 74. Kxa3 Ke6 75. Kb4 Kxe5 1/2-1/2

[Event "Sao Bernardo LXSBC 2nd fin-C"]
[Site "Sao Bernardo do Campo"]
[Date "2011.01.22"]
[Round "6.1"]
[White "Branquinho, Eduardo de Medeiro"]
[Black "Silva, Jose Roberto Da"]
[Result "1-0"]
[WhiteElo "1773"]
[BlackElo "1804"]
[PlyCount "81"]
[EventDate "2011.01.22"]
[EventType "tourn"]
[EventRounds "10"]
[EventCountry "BRA"]
[SourceTitle "EXT 2022"]
[Source "ChessBase"]
[SourceDate "2021.10.06"]
[SourceVersion "1"]
[SourceVersionDate "2021.10.06"]
[SourceQuality "1"]

1. e4 c5 2. Nf3 Nc6 3. d4 cxd4 4. Nxd4 g6 5. c4 Nxd4 6. Qxd4 Nf6 7. Be2 Bg7 8. Be3 0-0 9. Qd3 d6 10. f3 Be6 11. Nc3 a6 12. 0-0 Rc8 13. b3 Nd7 14. Rac1 Nc5 15. Qd2 Qa5 16. Nd5 Qd8 17. Bh6 Bxd5 18. Bxg7 Kxg7 19. exd5 Qd7 20. b4 Na4 21. Qd4+ Kg8 22. Bd1 Rc7 23. f4 a5 24. a3 b5 25. Bxa4 bxa4 26. b5 Rc5 27. Qd1 Qf5 28. Qxa4 Qd3 29. Qxa5 Qd4+ 30. Kh1 Rxc4 31. Rxc4 Qxc4 32. Re1 Qxd5 33. Qb4 Rc8 34. b6 Rc2 35. Rg1 Qb7 36. a4 d5 37. a5 Rc4 38. Qb5 Rc8 39. a6 Qb8 40. b7 Rc2 41. a7 1-0

[Event "Sao Bernardo LXSBC 2nd fin-C"]
[Site "Sao Bernardo do Campo"]
[Date "2011.01.22"]
[Round "1.1"]
[White "Francelli, Derli"]
[Black "Branquinho, Eduardo de Medeiro"]
[Result "0-1"]
[WhiteElo "1670"]
[BlackElo "1773"]
[PlyCount "86"]
[EventDate "2011.01.22"]
[EventType "tourn"]
[EventRounds "10"]
[EventCountry "BRA"]
[SourceTitle "EXT 2022"]
[Source "ChessBase"]
[SourceDate "2021.10.06"]
[SourceVersion "1"]
[SourceVersionDate "2021.10.06"]
[SourceQuality "1"]

1. d4 d5 2. c4 c6 3. Nc3 Nf6 4. Nf3 e6 5. e3 Nbd7 6. cxd5 exd5 7. Bd3 Bd6 8. 0-0 0-0 9. Re1 Re8 10. h3 Ne4 11. Nd2 Ndf6 12. Bxe4 dxe4 13. Nf1 Bf5 14. f3 Qd7 15. f4 Re6 16. d5 Nxd5 17. Nxd5 cxd5 18. Qxd5 Rg6 19. Re2 Bxh3 20. Qxe4 Bf5 21. Qd4 Qe7 22. Bd2 Bc5 23. Qd5 Be4 24. Qh5 b6 25. Bc3 Bd3 26. Qf3 Re8 27. Ree1 Be4 28. Qh3 Rxg2+ 29. Qxg2 Bxg2 30. Kxg2 Bb4 31. Rac1 Bxc3 32. Rxc3 h5 33. e4 Qh4 34. Ng3 Qg4 35. Kf2 Qxf4+ 36. Rf3 Qd2+ 37. Re2 Qd4+ 38. Kg2 g6 39. Kh3 Qd7+ 40. Kg2 h4 41. Nh1 Kg7 42. Nf2 g5 43. Rf5 Qxf5 0-1

[Event "Sao Bernardo LXSBC 2nd"]
[Site "Sao Bernardo do Campo"]
[Date "2010.10.16"]
[Round "4"]
[White "Branquinho, Eduardo de Medeiro"]
[Black "Costa, Giovanni de Almeida"]
[Result "0-1"]
[WhiteElo "1755"]
[BlackElo "1918"]
[PlyCount "96"]
[EventDate "2010.10.15"]
[EventType "swiss"]
[EventRounds "6"]
[EventCountry "BRA"]
[SourceTitle "EXT 2022"]
[Source "ChessBase"]
[SourceDate "2021.10.06"]
[SourceVersion "1"]
[SourceVersionDate "2021.10.06"]
[SourceQuality "1"]

1. d4 Nf6 2. c4 g6 3. Nc3 d5 4. cxd5 Nxd5 5. e4 Nxc3 6. bxc3 Bg7 7. Bc4 c5 8. Ne2 0-0 9. 0-0 Nc6 10. Be3 Qc7 11. Rc1 Na5 12. Bd3 c4 13. Bc2 Rd8 14. Qd2 Nc6 15. h4 Ne5 16. Bh6 Ng4 17. Bf4 e5 18. Bg3 Bh6 19. f4 b5 20. Rb1 Qb6 21. Kh1 Bb7 22. Qc1 exd4 23. Nxd4 a6 24. Re1 Bg7 25. Bd1 Bxd4 26. Bxg4 Bf2 27. Bxf2 Qxf2 28. Qe3 Qxh4+ 29. Qh3 Qxh3+ 30. gxh3 Rd2 31. a4 Bc6 32. Bf3 Rad8 33. Re3 R8d3 34. axb5 axb5 35. Rbe1 f5 36. Kg1 Rxe3 37. Rxe3 Rd3 38. Kf2 fxe4 39. Bxe4 Bxe4 40. Rxe4 Rxc3 41. Re8+ Kg7 42. Rb8 Rb3 43. Ke2 Kf6 44. Rf8+ Ke6 45. Rb8 Kf5 46. Rb7 h5 47. Rf7+ Ke4 48. Rf6 Rxh3 0-1

[Event "Sao Bernardo LXSBC 2nd"]
[Site "Sao Bernardo do Campo"]
[Date "2010.10.15"]
[Round "1"]
[White "Santos, Marcus Vinicius M"]
[Black "Branquinho, Eduardo de Medeiro"]
[Result "1-0"]
[WhiteElo "2374"]
[BlackElo "1755"]
[PlyCount "51"]
[EventDate "2010.10.15"]
[EventType "swiss"]
[EventRounds "6"]
[EventCountry "BRA"]
[SourceTitle "EXT 2022"]
[Source "ChessBase"]
[SourceDate "2021.10.06"]
[SourceVersion "1"]
[SourceVersionDate "2021.10.06"]
[SourceQuality "1"]

1. d4 d5 2. c4 c6 3. Nc3 Nf6 4. e3 e6 5. Nf3 Nbd7 6. Bd3 dxc4 7. Bxc4 b5 8. Bd3 Bb7 9. e4 b4 10. Na4 c5 11. e5 Nd5 12. 0-0 cxd4 13. Re1 Rc8 14. Nxd4 Nc7 15. Qg4 h5 16. Qg3 h4 17. Qg4 h3 18. Bg5 Be7 19. Bxe7 Qxe7 20. g3 g6 21. Rad1 0-0 22. Qxh3 Kg7 23. Be4 Rh8 24. Qg4 Nxe5 25. Qf4 Nd7 26. Bxb7 1-0

[Event "Sao Bernardo op"]
[Site "Sao Bernardo do Campo"]
[Date "2010.09.18"]
[Round "4"]
[White "Batista, Renato Luiz"]
[Black "Branquinho, Eduardo de Medeiro"]
[Result "1-0"]
[WhiteElo "2189"]
[BlackElo "1755"]
[PlyCount "67"]
[EventDate "2010.09.17"]
[EventType "swiss"]
[EventRounds "6"]
[EventCountry "BRA"]
[SourceTitle "CBM 138 Extra"]
[Source "ChessBase"]
[SourceDate "2010.10.29"]
[SourceVersion "1"]
[SourceVersionDate "2010.10.29"]
[SourceQuality "1"]

1. e4 c5 2. Nf3 d6 3. Nc3 Nf6 4. d4 cxd4 5. Qxd4 Nc6 6. Bb5 Bd7 7. Bxc6 Bxc6 8. Bg5 e6 9. 0-0-0 Be7 10. Rhe1 h6 11. Bh4 Qa5 12. Nd2 0-0-0 13. Nb3 Qe5 14. Qd2 Qh5 15. Bg3 Nd7 16. Kb1 Nc5 17. Nxc5 Qxc5 18. f3 Bg5 19. Qe2 Bf6 20. Bf2 Qb4 21. a3 Qa5 22. Bd4 Bxd4 23. Rxd4 d5 24. e5 Rd7 25. Qd2 Rc7 26. Rb4 Rd8 27. Ne2 Qc5 28. Nd4 Kb8 29. Re3 Qe7 30. Rc3 Ka8 31. f4 a5 32. Rb6 Ka7 33. Rcxc6 bxc6 34. Qxa5# 1-0